000 00476nam a2200181Ia 4500
001 18949
005 20260306171708.0
008 260306s9999||||xx |||||||||||||| ||und||
041 _aESP
082 _a658.562
_bN28
100 _aNava Carbellido, Víctor Manuel
_eAUT
245 0 _a¿Qué es la calidad?:
_bconceptos, gurús y modelos fundamentales
260 _c2006
300 _a184 páginas :
_c23 cm.
650 _aGEN
654 _aCAN
942 _cLIB
_dJUS
_fJUS
_2ddc
_n
999 _c18949
_d18949